00674nam a2200193 a 450000100100000000500170001000800410002702000150006804000250008310000320010824000370014024500480017726000290022530000280025450000340028270000420031695201050035899900170046300003672420200930075910.0120126s1986 sp a 000 0 spa d a8423706893 aDO-SdBNPbspacBNPHU1 aSimón, Julián L.96303314aThe ultimate resourcelEspañol13aEl último recurso /cJulián L. Simón. aMadrid :bDossat,c1986. a484 p. :bil. ;c21 cm. aTraducido del idioma inglés1 aCasas Torres, Jose Manueletr.963034 001050718MOaGRbGRcCTd2012-01-26iLF1l0o p36724-10r2020-06-25w2020-06-25y1ZNo se presta c36215d36215